| 000 | 00503nam a22001457a 4500 | ||
|---|---|---|---|
| 082 | _a621.39 | ||
| 100 | _aNaizi, Khalid Ahmed Khan | ||
| 245 |
_aIdentifying Best Feature Subsets for Classification of Cardiac Arrhythmia / _cKhalid Ahmed Khan Naizi |
||
| 260 |
_aIslamabad : _bCEME - NUST, _c2015. |
||
| 300 |
_aVar. p. ; _c30cm. |
||
| 650 |
_aComputer Engineering-MS-Thesis _916083 |
||
| 700 |
_aDr. Shoab Ahmad Khan _916279 |
||
| 942 |
_2ddc _cTHE |
||
| 999 |
_c536511 _d536511 |
||